Music Quiz

Random Music Quiz

Travis Scott Old Music Quiz Stats

 Plays Quiz not verified by Sporcle

Challenge
Share
Tweet
Embed
Score 0/22 Timer 11:00
0 Plays Today
Hint Answer % Correct
Featuring Casey VeggiesUp
72.2%
OG Owl Pharaoh16 Chapels
24.1%
OG Owl Pharaoh12 Disciples
20.4%
Featuring T.I. and B.O.BAnimal
20.4%
XXL SingleGod Level
18.5%
OG Owl PharaohTime Machine
14.8%
Unreleased SingleLights
13%
OG Owl PharaohDust
13%
OG Owl Pharaoh Old English
9.3%
Unreleased Momma Be Trippin
9.3%
OG Owl PharaohGold 88
9.3%
Hint Answer % Correct
Featuring Gunplay, Fredo Santana and Chuck InglishPussy
9.3%
Unreleased SingleiLLEmeriCA
7.4%
OG Owl PharaohNight
5.6%
Unreleased SingleAnalogue
3.7%
OG Owl PharaohPhoenix
3.7%
UnreleasedXX
3.7%
Unreleased SingleThat Bitch Crazy
1.9%
OG Owl PharaohParadise V3
1.9%
w/ O.G. CHE$$ before Cruis'n USAWe Stars
1.9%
w/ O.G. CHE$$ before Cruis'n USABape
1.9%
UnreleasedStunt Mr. Scott
1.9%

You're not logged in!

Compare scores with friends on all Sporcle quizzes.
Join for Free
OR
Log In

You Might Also Like...

Show Comments

Extras

Created Jun 20, 2016ReportFavoriteNominate
Tags:old, ravi, scott

Top Quizzes Today


Score Distribution

Your Account Isn't Verified!

In order to create a playlist on Sporcle, you need to verify the email address you used during registration. Go to your Sporcle Settings to finish the process.

Report this User

Report this user for behavior that violates our Community Guidelines.

Details: